mysqli: Table './ulib62015/stat_globaluid' is marked as crashed and should be repaired
select id from stat_globaluid where statuid='20260517112340_1242'
mysqli: Table './ulib62015/stat_globaluid' is marked as crashed and should be repaired
DELETE FROM stat_globaluid
WHERE id NOT IN (
SELECT id
FROM (
SELECT id
FROM stat_globaluid
ORDER BY id DESC
LIMIT 100
) foo
);
mysqli: Table './ulib62015/stat_globaluid' is marked as crashed and should be repaired
insert into stat_globaluid set
statuid='20260517112340_1242',
dt='1778991820',
phpself='/ULIB62015/dublinfull.php',
agent='Mozilla/5.0 AppleWebKit/537.36 (KHTML, like Gecko; compatible; ClaudeBot/1.0; +claudebot@anthropic.com)',
yea='2026',
mon='5',
dat='17',
ip='216.73.216.45'
mysqli: Table './ulib62015/stathist_viewbib_bib_type' is marked as crashed and should be repaired
insert into stathist_viewbib_bib_type set
dat='17' ,
mon='05' ,
yea='2026' ,
statuid='20260517112340_1242' ,
head='27547' ,
foot='marc' ,
dt='1778991820'
| LEADER : 01174nam 2200277 a 4500 |
| 001 27547 |
| 003 ULIB |
| 008 030417s2546 caua sb 001 0 tha |
| 020 ^a9746580612
|
| 060 04 ^aQV20.5^bก471 2546
|
| 245 10 ^aการประชุมเชิงปฏิบัติการ เรื่องการพัฒนาผลิตภัณฑ์สมุนไพรสู่ตลาดสากล =^bHerbal products development to global market /^cสุวรรณา เวชอภิกุล ... [และคนอื่นๆ], บรรณาธิการ ;^cมหาวิทยาลัยเชียงใหม่
|
| 246 30 ^aHerbal products development to global market
|
| 250 ^aพิมพ์ครั้งที่ 1
|
| 260 ^aเชียงใหม่ :^bหมวดผลิตเอกสารวิชาการและตำรา คณะเภสัชศาสตร์ มหาวิทยาลัยเชียงใหม่,^c2546
|
| 300 ^aก-ธ, 178 หน้า :^bภาพประกอบ;^c26 ซม.
|
| 500 ^aการประชุมเชิงปฏิบัติการ วันที่ 16-18 กรกฎาคม 2546 ณ คณะเภสัชศาสตร์ มหาวิทยาลัยเชียงใหม่
|
| 650 4 ^aผลิตภัณฑ์สมุนไพร
|
| 650 4 ^aสมุนไพร
|
| 650 4 ^aการพัฒนาผลิตภัณฑ์^xวิจัย
|
| 650 4 ^aการพัฒนาผลิตภัณฑ์^xสมุนไพร^xวิจัย
|
| 700 0 ^aสุวรรณา เวชอภิกุล,^eบรรณาธิการ
|
| 700 0 ^aสุพร จารุมณี,^eบรรณาธิการ
|
| 700 0 ^aดวงพร วินิจกุล,^eบรรณาธิการ
|
| 700 0 ^aนภาพร โออริยกุล,^eบรรณาธิการ
|
| 710 2 ^aมหาวิทยาลัยเชียงใหม่.^bคณะเภสัชศาสตร์
|
| 711 1 ^aการประชุมเชิงปฏิบัติการวิทยาศาสตร์เภสัชกรรม 1 เรื่องการพัฒนาผลิตภัณฑ์สมุนไพรสู่ตลาดสากล
|
| 945 ^p0^l0^i007242 |
| 999 ^alib
|
| คุณยังไม่ได้ล็อกอิน คุณสามารถมีกิจกรรมร่วมกับเว็บไซต์ได้ แต่ต้องล็อกอินก่อน :: |
|
|
|
| ลำดับที่ |
ประเภท |
เลขเรียก/บาร์โค้ด |
สถานที่ |
สถานะ |
| 1. |
 หนังสือ | QV20.5 ก471 2546 Barcode: 007242 | หนังสือทั่วไป | บนชั้น ขอยืม |
รายการใกล้เคียง
หัวเรื่อง [ผลิตภัณฑ์สมุนไพร] หัวเรื่อง [สมุนไพร]
|
|
ยังไม่เคยถูกคอมเมนท์
|
| คอมเมนท์ทรัพยากรรายการนี้ |
|